Регионална библиотека "Любен Каравелов" - Русе

Затвореният кръг (Запис номер 174599)

MARC детайли
000 -Лидер
Контролно поле с фиксирана дължина nam a22 a 4500
003 - Код на организацията, давaща контролен номер
Контролно поле BLK
005 - Дата и час на последна редакция
Контролно поле 20220727154230.0
008 - Елементи от данни с фиксирана дължина
fixed length control field 180411b bul|||||r ||||||| ||bul||
010 ## - Наследен системен номер
LC control number KNG00183091000
040 ## - Източник на каталожния запис
Идентификатор на билиотеката - собственик на записа BLK
041 ## - Код за език
Код за езика на текст/звукозапис или на отделно заглавие Български
Код за езика КДБФ Български
080 ## - УДК
Текстов определител УДК Българска литература
УДК код - определител по УДК 821.163.2
УДК определител -32
УДК - код + определител 821.163.2-32
080 ## - УДК
Текстов определител УДК Комунистически партии. Вж и 327.323
УДК код - определител по УДК 329.15
УДК определител (497.2)(092)
УДК - код + определител 329.15(497.2)(092)
080 ## - УДК
Текстов определител УДК Михайлов, Георги Димитров. Български политик, ръководител на БКП и генерален секретар на Коминтерна, министър-председател
УДК код - определител по УДК 929 Димитров, Георги
УДК - код + определител 929 Димитров, Георги
100 1# - Редна дума - Автор
Автор Цонев, Пламен Звезделинов
Авторска отговорност първи автор
R(LIN) 377476
139 ## - Редно поле
Редна дума Цонев, Пламен Звезделинов
Авторски знак Цонев - Ц 80
245 10 - Сведения за заглавието
Заглавие Затвореният кръг
Подзаглавни данни Повест за баба Парашкева и Георги Димитров
Редно поле (дума) Пламен Цонев; худож. Георги Недялков.
250 ## - Област на изданието
Сведения за изданието 2. изд.
257 ## - Страна на издаване
Страна на създаване/издаване България
260 ## - Област на издателските данни
Място на издаване, разпространение и проч. София
Име на издателя, разпространителя и проч. Нар. младеж
Година на издаване 1972
300 ## - Физическа характеристика
Страници 168 с.
Илюстрации и др. с ил.
Размери/Мащаб 20 см
380 ## - Жанр
Жанр Худож. лит.
600 14 - Име на лице, използвано като предмет
За него / За нея Димитров, Георги
9 (RLIN) 246718
650 #4 - Допълнително описание по предмет – тема
Основно описание – тема или топоним Димитров, Георги - в художествената литература
9 (RLIN) 319338
700 1# - Други автори (авторска отговорност)
Лично име Недялков, Георги Иванов
Автороска отговорност (Описва отношението между автора и произведението) худож.
9 (RLIN) 379333
852 ## - Местоположение
Форматна сигнатура Цб 62904
856 4# - Електронен адрес и достъп
Електронен формат pdf - файл
856 4# - Електронен адрес и достъп
Електронен формат pdf - файл
999 ## - СИСТЕМНИ КОНТРОЛНИ НОМЕРА
Koha biblionumber 174599
Koha biblioitemnumber 174599
942 ## - АРТИКУЛИ
Вид на библиотечния материал Книги
Скрит в OPAC Не
Периодичен библиозапис Да
944 ## - СЪЗДАВАНЕ И РЕДАКЦИЯ на ЗАПИСА
Създаване/Редакция Създаване
Дата на регистрацията/редакция 02.10.2015
Служител, извършил регистрацията/редакцията Кети_Илиева
944 ## - СЪЗДАВАНЕ И РЕДАКЦИЯ на ЗАПИСА
Създаване/Редакция Редакция
Дата на регистрацията/редакция 2022-07-27
Служител, извършил регистрацията/редакцията ир
999 ## - СИСТЕМНИ КОНТРОЛНИ НОМЕРА
Koha biblioitemnumber 174599
Наличности
Код за отписване Код за изгубен артикул Източник на класификационната схема Код за повреда Коз за рестрикции Код за отдаване Артикулен № Име на библиотеката - собственик Име на библиотеката, в която се намира в момента Статус (Текущо местоположение) Дата на вписване в системата Местоположение - отдел Цена в лева Инвентарен номер Систематично азбучна сигнатура Баркод Номер на екземпляра Цена в евро Служебна бележка Служебен тип на артикула Бележка за публиката
  Не е изгубен Universal Decimal Classification Не е повреден само за читалня ползва се в читалня 299914 Регионална библиотека "Любен Каравелов" Русе Регионална библиотека "Любен Каравелов" Русе Хранилище 1972-01-01 Хранилище 0.91 118052 Цб 62904 120000118052 1 0.47 Вид: Сф Дата: 01.01.1972 Книги  
Изтеглен Не е изгубен   Не е повреден без рестрикции заемане за дома 299915 Регионална библиотека "Любен Каравелов" Русе Регионална библиотека "Любен Каравелов" Русе   1972-01-01 Детски отдел 0.91 116596 ДХ 886.7/Ц 80 116596 2 0.47 Вид: Сф Дата: 01.01.1972 Дата инв: 07.10.2015 Бележки инв: Д2015 Книги Отч.N: 38/2017 , Дата: 07.09.2017
Vip Innovations Ltd, Rousse, Bulgaria 2025